书目信息 |
| 题名: |
建筑给水铝塑复合管道工程技术规程
|
|
| 作者: | 广东省建筑设计研究院 主编 | |
| 分册: | ||
| 出版信息: | 北京 2000.10 |
|
| 页数: | 31页 | |
| 开本: | 32开 | |
| 丛书名: | ||
| 单 册: | ||
| 中图分类: | TU991.36-65 | |
| 科图分类: | ||
| 主题词: | 给水工程:市政工程 , 城市供水系统 | |
| 电子资源: | ||
| ISBN: | ||
| 000 | 00684nam0 2200205 45 | |
| 001 | 0011221070 | |
| 005 | 20001122103138.1 | |
| 010 | @d3.00元 | |
| 100 | @a20001122d2000 km y0chiy0120 ea | |
| 101 | 0 | @achi |
| 105 | @a z 000yy | |
| 200 | 1 | @a建筑给水铝塑复合管道工程技术规程@AJian Zhu Gei Shui Lu Su Fu He Guan Dao Gong Cheng JiShu Gui Cheng@f广东省建筑设计研究院主编@FGuang Dong Sheng Jian Zhu She Ji Yan Jiu Yuan Zhu Bian |
| 210 | @a北京@d2000.10 | |
| 215 | @a31页@d32开 | |
| 606 | 0 | @a给水工程:市政工程 |
| 606 | 0 | @a城市供水系统 |
| 690 | @aTU991.36-65@v3 | |
| 701 | 0 | @a广东省建筑设计研究院@4主编 |
| 801 | @aCN@bPftUser@c20001122 | |
| 905 | @b419012-016@dTU991.36-65@eG780@f5 | |
| 建筑给水铝塑复合管道工程技术规程/广东省建筑设计研究院主编.-北京,2000.10 |
| 31页;32开 |
| ISBN :3.00元 |
| ● |
| 相关链接 |
|
|
|
正题名:建筑给水铝塑复合管道工程技术规程
索取号:TU991.36-65/G780
 
预约/预借
| 序号 | 登录号 | 条形码 | 馆藏地/架位号 | 状态 | 备注 |
| 1 | 419012 | 204190124 | 自科二线404/404自科库 18排4列5层/ [索取号:TU991.36-65/G780] | 在馆 | |
| 2 | 419013 | 204190133 | 自科二线404/404自科库 18排4列5层/ [索取号:TU991.36-65/G780] | 在馆 | |
| 3 | 419014 | 204190142 | 建筑库201/201建筑库 134排2列1层/ [索取号:TU991.36-65/G780] | 在馆 | |
| 4 | 419015 | 204190151 | 自科二线404/404自科库 18排4列5层/ [索取号:TU991.36-65/G780] | 在馆 | |
| 5 | 419016 | 204190160 | 建筑库201/ [索取号:TU991.36-65/G780] | 在馆 |